| 000 | 03108nam a2200277 i 4500 | ||
|---|---|---|---|
| 003 | DO-SdBNP | ||
| 005 | 20251029144347.0 | ||
| 007 | ta | ||
| 008 | 190807s2005 dr 000 spa d | ||
| 040 |
_aDO-SdBNP _bspa _cBNPHU _erda |
||
| 041 | _aspa | ||
| 082 | 4 |
_axxx _bxxx _222 |
|
| 100 | 1 |
_aBiaggi Lama, Juan A., _d1951-2023 _eautor _4aut. _976550 |
|
| 245 | 1 | 0 |
_aManual de derecho comercial dominicano : _cJuan Alfredo Biaggi Lama / |
| 264 | 4 |
_aSanto Domingo : _bEdiciones Jurídicas Trajano Potentini, _c©2005. |
|
| 300 |
_avolumen ; _c23 cm. |
||
| 336 |
_atexto _btxt _2rdacontent |
||
| 337 |
_asin mediación _bn _2rdamedia |
||
| 338 |
_avolumen _bnc _2rdacarrier |
||
| 500 | _aLa biblioteca posee el v.1. | ||
| 500 | _aIncluye datos biográficos del autor en la contracubierta. | ||
| 500 | _aIncluye referencias bibliográficas y notas al pie de las páginas | ||
| 505 | 0 |
_av. 1-- _tIntroducción al estudio del derecho comercial -- _tFuentes del derecho comercial -- _tEl Estado y el comercio -- _tLa libertad de comercio y la competencia desleal -- _tLa organización judicial del comercio -- _tLa jurisdicción arbitral -- _tDe los comerciantes -- _tLos actos de comercio -- _tLos actos de comercio por accesorio o por relación -- _tLos otros actos de comercio el comercio marítimo -- _tLas obligaciones profesionales de los comerciantes -- _tLos libros de comercio -- _tEl fondo de comercio -- _tLos contratos comerciales -- _tLos contratos civiles estudiados en sus aplicaciones comerciales -- _tEl contrato de prenda -- _tLos contratos de representación -- _t El contrato de sociedad -- _gv. 2 _t Caracteres generales de la personalidad moral de las sociedades -- _tLas sociedades desprovistas de personalidad y jurídica -- _tClasificación de las sociedades -- _tDisposiciones relativas a la constitución de las sociedades y al reconocimiento de su existencia -- _tDisposiciones relativas a la transformación, disolución y liquidación de las sociedades -- _tLas sociedades de personas -- _tLas sociedades en comandita simple -- _tLas sociedades por acciones -- _tLas compañías por acciones o sociedades anónimas -- _tLas sociedades en comandita por acciones -- _tLas sociedades por acciones o sociedades anónimas -- _tLas otras sociedades contempladas en el código de comercio -- _tLas sociedades de capital variable -- _tLos holdings -- _t Las compañías off shore -- _tLos Bancos y sus operaciones -- _tEl contrato de depósito bancario -- _t El contrato de factoring -- _tLas operaciones de las bolsas -- _tSociedades de seguro o tontinas -- _tLas sociedades bancarias y financieras -- _tObligaciones cautelares de los comerciantes y sociedades comerciales en la prevención de crímenes y delitos -- _tLos instrumentos de pago y de crédito -- _tLos efectos de comercio -- _tLa letra de cambio -- _tEl pagaré a la orden -- _t Los volúmenes en la industria turística -- _tEl cheque -- _tLa quiebra -- _tLas operaciones de cuentas -- _tArreglo del pasivo -- _tBancarrota -- _tLa quiebra en el proyecto del nuevo código de comercio -- |
|
| 590 | _aInventariado, 2020 /LP | ||
| 942 |
_2ddc _cLBS1 |
||
| 999 |
_c48757 _d48757 |
||